000 00343nam a2200133Ia 4500
008 231129s1996||||xx |||||||||||||| ||spa||
020 _a958-95992-1-4
040 _bspa
082 _a(i) 986.1 C718n
245 0 _aNiƱos campesinos de Colombia
260 _c1996
264 _aKingraf
942 _2ddc
_cBKS
999 _c21683
_d21683